MDQL
is popping MORE tags! Check the
thread
!
Quizzes
Events
Quiz Creation
Community
Videos
Private Events
Remove Ads
Sign In
Join for FREE
Feedback
Dark Mode
Quiz Categories
Sports
Geography
Music
Movies
Television
Just For Fun
Miscellaneous
History
Literature
Language
Science
Gaming
Entertainment
Religion
Holiday
For Kids
Quiz Lab
Recent
Popular Today
Quiz Kudos Today
Editor Picks
Curator Picks
Quizzes by...
Day
Popularity
Type
Ratings
Length
Year
Community
Subscriptions
Recent Discussions
Orange Saloon
Badges
Playlists
Quests
Create
Leaderboards
Showdown
Live 5
Trivia Bingo
Activity
Puzzle Library
Sporcle Events
Private Events
Virtual Trivia
Globe League
Become a Host
Pub Owners
SporcleCon
Opinionation
Our Games
Videos
Blog
Mobile Apps
Partnerships
Remove Ads and Go Orange
Feedback
Sports
Athletes
MLB
NBA
NHL
NFL
Soccer
Sports Teams
WWE
NCAA
Football
Premier League
Basketball
Baseball
Hockey
Golf
Tennis
Cricket
Rugby
Auto Racing
Olympics
World Cup
Sports
Athletes
MLB
NBA
NHL
NFL
Soccer
Sports Teams
WWE
NCAA
Football
Premier League
Basketball
Baseball
Hockey
Golf
Tennis
Cricket
Rugby
Auto Racing
Olympics
World Cup
Random Quiz
Search Sporcle
×
Quiz Lab
Quiz Lab
Sports
Soccer
Type in answers that appear in a list
Type in answers that appear in a list
Classic
Best Score? Go Orange.
Promotion and relegation in Russian Premier League Stats
Can you name the teams promoted in / relegated from Premier League, the football first division in Russia?
By
quoupo15
7m
96 Questions
294 Plays
294 Plays
294 Plays
Comments
Comments
Give Quiz Kudos
Give Quiz Kudos
-
- Ratings
hide this ad
Replay
Link that replays current quiz
Next Quiz
Link to next quiz in quiz playlist
You Got
0%
They Got
Avg Score
60%
Avg Friend Score
Upgrade to see
Score Distribution
Jump to the score distribution portion of the page
Score
0/96
Timer
07:00
0
Plays Today
Season
Teams
% Correct
2018/
19 R
Anzhi Makhachkala
90.5%
2002 R
Anzhi Makhachkala
90.5%
2009 P
Anzhi Makhachkala
90.5%
2013/
14 R
Anzhi Makhachkala
90.5%
2014/
15 P
Anzhi Makhachkala
90.5%
2021/
22 R
Arsenal Tula
88.2%
2010 P
FC Krasnodar
86.7%
2017/
18 R
Amkar Perm
85.4%
2021/
22 R
Rubin Kazan
85.3%
2021/
22 P
Torpedo Moscow
85.3%
2002 P
Rubin Kazan
84%
2021/
22 R
FC Ufa
82.4%
2015/
16 R
Dynamo Moscow
82%
2016/
17 P
Dynamo Moscow
82%
2006 R
Torpedo Moscow
81.3%
2007 R
FC Rostov
81.3%
2008 P
FC Rostov
81.3%
2013/
14 P
Torpedo Moscow
81.3%
2014/
15 R
Torpedo Moscow
81.3%
2004 P
Terek Grozny
80.3%
2005 R
Terek Grozny
80.3%
2007 P
Terek Grozny
80.3%
2012/
13 P
FC Ural
79.3%
2019/
20 P
Rotor Volgograd
77.8%
2003 P
Kuban Krasnodar
77.2%
2004 R
Kuban Krasnodar
77.2%
2006 P
Kuban Krasnodar
77.2%
2007 R
Kuban Krasnodar
77.2%
2008 P
Kuban Krasnodar
77.2%
2009 R
Kuban Krasnodar
77.2%
2010 P
Kuban Krasnodar
77.2%
2015/
16 R
Kuban Krasnodar
77.2%
Season
Teams
% Correct
2018/
19 P
PFC Sochi
77.1%
2017/
18 P
Krylia Sovetov
77.1%
2004 P
Tom Tomsk
76.2%
2011/
12 R
Tom Tomsk
76.2%
2012/
13 P
Tom Tomsk
76.2%
2013/
14 R
Tom Tomsk
76.2%
2015/
16 P
Tom Tomsk
76.2%
2016/
17 R
Tom Tomsk
76.2%
2019/
20 R
Krylia Sovetov
76.2%
2013/
14 R
Krylia Sovetov
74.8%
2014/
15 P
Krylia Sovetov
74.8%
2016/
17 R
Krylia Sovetov
74.8%
2020/
21 R
Rotor Volgograd
73.3%
2020/
21 P
Krylia Sovetov
73.3%
2013/
14 P
FC Ufa
73.1%
2005 P
Luch-Energiya Vladivostok
72.8%
2008 R
Luch-Energiya Vladivostok
72.8%
2019/
20 R
FC Orenburg
71.4%
2004 R
Rotor Volgograd
71.1%
2021/
22 P
FC Fakel Voronezh
70.6%
2003 P
Amkar Perm
70.4%
2005 R
Alania Vladikavkaz
70.1%
2009 P
Alania Vladikavkaz
70.1%
2010 R
Alania Vladikavkaz
70.1%
2011/
12 P
Alania Vladikavkaz
70.1%
2012/
13 R
Alania Vladikavkaz
70.1%
2013/
14 P
Arsenal Tula
69.4%
2014/
15 R
Arsenal Tula
69.4%
2015/
16 P
Arsenal Tula
69.4%
2017/
18 P
FC Orenburg
67.5%
2019/
20 P
FC Khimki
67.5%
2018/
19 P
FC Tambov
66.2%
Season
Teams
% Correct
2015/
16 P
FC Orenburg
65%
2016/
17 R
FC Orenburg
65%
2021/
22 P
FC Orenburg
64.7%
2009 R
FC Moscow
64.6%
2009 P
Sibir Novosibirsk
63.3%
2010 R
Sibir Novosibirsk
63.3%
2010 P
Volga Nizhny Novgorod
63.3%
2013/
14 R
Volga Nizhny Novgorod
63.3%
2020/
21 R
FC Tambov
62.2%
2017/
18 R
SKA-Khabarovsk
61.7%
2017/
18 P
Yenisey Krasnoyarsk
61.7%
2017/
18 R
FC Tosno
61.3%
2011/
12 P
Mordovia Saransk
60.5%
2012/
13 R
Mordovia Saransk
60.5%
2013/
14 P
Mordovia Saransk
60.5%
2015/
16 R
Mordovia Saransk
60.5%
2018/
19 R
Yenisey Krasnoyarsk
59.7%
2010 R
FC Saturn
58.2%
2005 P
Spartak Nalchik
57.8%
2011/
12 R
Spartak Nalchik
57.8%
2016/
17 P
FC Tosno
57.8%
2016/
17 P
SKA-Khabarovsk
57.8%
2006 P
FC Khimki
57.1%
2009 R
FC Khimki
57.1%
2020/
21 P
FC Nizhny Novgorod
56.7%
2006 R
Shinnik Yaroslavl
54.8%
2007 P
Shinnik Yaroslavl
54.8%
2008 R
Shinnik Yaroslavl
54.8%
2002 R
Sokol Saratov
40.8%
2003 R
Uralan Elista
38.8%
2002 P
Chernomorets Novorossiysk
33%
2003 R
Chernomorets Novorossiysk
33%
Quiz Playlist
Details
Report
Send in Message
Add To Playlist
Classic:
Type in answers that appear in a list
Last Updated: Aug 23, 2017
Quiz Scoreboard
CHALLENGE
Sign Up to Join the Scoreboard
Show All
Scores
Hide
Comments
May contain spoilers
Recently Published
Holiday 10x10 Sorting Gallery
by lukepisani3
Holiday
15m
Two Season TV Shows II
by 123Four
Television
10m
Image Sorting: Flags VI
by Barbecue
Geography
2m
More to Explore
Quiz From the Vault
Featured Blog Post
14 Easter Pick-up Lines to Find Eggs With
hide this ad
You Might Also Like...
Tags
Football Quiz
Soccer Quiz
European Football
Promoted
promotion
Relegated
relegation
Russia
Russian
Russian Premier
UEFA
Today's Top Quizzes in Sports
Browse Sports
hide this ad
Today's Top Quizzes in Soccer
Browse Soccer
Top Contributed Quizzes in Sports
1
Les meilleurs buteurs des matchs entre le PSG et l’OM
2
Les entraîneurs de l'OM et du PSG au 21e siècle
3
2022 World Cup Stars
4
Les joueurs passés par le PSG et l'OM
5
Players with Multiple 50 Home Run Seasons
6
FIFA Club World Cup Champions
7
Criteria MLB: Left Handed Sluggers
8
Les joueurs passés par le LOSC et le RC Lens
9
Top 10 NHL Goal Scorers of All Time
10
NBA Logic Puzzle 2.0
Explore More
Trending Topics
Kpop
NBA
Disney
Harry Potter
Anime
Crossword
Marvel
NFL
The Office
Soccer
Song
Country
Puzzle
WWE
Pokémon
hide this ad
More By:
quoupo15
Quiz
Plays
Rating
Category
Featured
Created
Middle Teams in French Ligue 1
5,428
5.00
Sports
Jun 14, 2019
Defeats of Spain in Soccer
5,221
5.00
Sports
Aug 3, 2018
Middle Teams in English Premier League
4,713
5.00
Sports
Aug 2, 2019
Defeats of Belgium in Soccer
2,550
5.00
Sports
Aug 18, 2018
Promotion and relegation in Polish Ekstraklasa
2,175
5.00
Sports
Aug 2, 2017
Go to Creator's Profile
Score Distribution
Quiz Creator Spotlight
quoupo15
Follow
Send a Message
Quizzes Created
-
Created Quiz Play Count
-
More By This Creator
Popular Quizzes Today
1
Find the US States - No Outlines Minefield
2
Colored Red Africa Blitz
3
Find the 'City' Movie
4
The Countries of the World
5
5x2 Blitz: Bands
6
Find the Countries of Europe - No Outlines Minefield
7
Find the US States
8
US States
More Sports Quizzes
I never raced with Ferrari
Quiz Lab
Trending Quizzes
Colored Red Europe Blitz I
Colored Red Africa Blitz II
Colored Red Europe Blitz II
Even More Two Season TV Shows
Colored Red Africa Blitz III
Recently Updated
Quick Pick: 20 Twenties
pecheneg
March Madness Men's Triple Doubles
pecheneg
How Do You Spell That?
pecheneg
Godzilla Movies
pecheneg
Grab Bag: 4-10 Letters
pecheneg
2024 March Madness Bracket
pecheneg
Famous TV Couples
Peacemaker
Champions League XIs: Real Madrid
pecheneg
Largest US Cities 1790-2010
pecheneg
Rides in Walt Disney World
pecheneg
Trending Topics
Disney
Crossword
NBA
Kpop
Marvel
Harry Potter
Anime
Song
Country
The Office
NFL
Soccer
Puzzle
Pokémon
WWE
Your Account Isn't Verified!
In order to create a playlist on Sporcle, you need to verify the email address you used during registration. Go to your
Sporcle Settings
to finish the process.
Report this User
Report this user for behavior that violates our
Community Guidelines
.
Details:
Send Report
Go to the Sporcle.com Mobile Site →
Comments